000 00675nam a2200217Ia 4500
003 IN-BaIIA
008 211028s9999 xx 000 0 eng d
040 _cIIA Library
080 _a517.537.3
_bBRA
100 _aBranges, L. D.
_95058
245 0 _aSquare summable power series
_cL. D. Branges and J. Rovnyak
260 _aNew York
_bHolt Rinehard and Winston
_c1966
300 _aviii, 104p.
490 _aAthena series selected topics in mathematics
650 _aAnalysis-Mathematics
_91722
650 _aNASA Thesaurus
650 _aPower Series
_95059
650 _aSeries
_95060
700 _aRovnyak, J.
_95061
942 _cBK
999 _c2835
_d2835